Sabaton Discography - Statistics

General Stats
  • This quiz has been taken 722 times
    178 since last reset
  • The average score is 59 of 155
Answer Stats
Album Song % Correct
Primo Victoria Primo Victoria
95%
The Last Stand The Last Stand
89%
Carolus Rex Carolus Rex
85%
Attero Dominatus Attero Dominatus
80%
Single Bismarck
74%
Coat of Arms Coat of Arms
74%
Heroes Night Witches
74%
The Great War Great War
73%
The Art of War The Art of War
73%
Heroes To Hell and Back
70%
Legends I, Emperor
68%
The Great War The Red Baron
68%
Metalizer Metalizer
65%
Legends Templars
65%
The Great War Fields of Verdun
64%
The Art of War Ghost Division
64%
The Last Stand Winged Hussars
64%
The War to End All Wars Soldier of Heaven
61%
The Great War The Attack of the Dead Men
61%
The Last Stand Sparta
59%
Legends Crossing the Rubicon
58%
The War to End All Wars Stormtroopers
58%
Metalizer 7734
56%
The War to End All Wars Dreadnought
56%
The Art of War Panzerkampf
56%
Carolus Rex Poltava
56%
The Last Stand Shiroyama
56%
Coat of Arms White Death
56%
Primo Victoria Stalingrad
55%
Carolus Rex The Lion from the North
55%
Legends Maid of Steel
53%
Coat of Arms The Final Solution
53%
The War to End All Wars The Unkillable Soldier
53%
Carolus Rex A Lifetime of War
50%
Legends Impaler
50%
The War to End All Wars Lady of the Dark
50%
The Art of War (Re-Armed) Swedish Pagans
50%
The Last Stand The Lost Battalion
50%
Coat of Arms Uprising
50%
The Art of War 40:1
48%
The War to End All Wars Christmas Truce
48%
Single Father
48%
Legends Lightning at the Gates
48%
Heroes Resist and Bite
48%
Attero Dominatus Rise of Evil
48%
Heroes Smoking Snakes
48%
The Last Stand The Last Battle
48%
Legends A Tiger Among Dragons
47%
Single The First Soldier
47%
The Art of War The Price of a Mile
47%
Primo Victoria Wolfpack
47%
Carolus Rex Gott Mit Uns
45%
Primo Victoria Metal Machine
45%
Coat of Arms Screaming Eagles
45%
The War to End All Wars Versailles
45%
The Art of War Cliffs of Gallipoli
44%
Attero Dominatus Nuclear Attack
44%
The Last Stand Rorke's Drift
44%
The War to End All Wars Sarajevo
44%
Legends The Cycle of Songs
44%
Legends The Duelist
44%
Single The Royal Guard
44%
Legends Till Seger
44%
Carolus Rex 1648
42%
The Last Stand (Bonus Camouflage
42%
Single Defence of Moscow
42%
Heroes Inmate 4859
42%
Carolus Rex Long Live the King
42%
Coat of Arms Midway
42%
Attero Dominatus Back in Control
41%
Heroes The Ballad of Bull
41%
Coat of Arms Wehrmacht
41%
The Great War A Ghost in the Trenches
39%
Legends Hordes of the Khan
39%
Carolus Rex Killing Ground
39%
Heroes No Bullets Fly
39%
The Great War Seven Pillars of Wisdom
39%
Heroes Soldier of 3 Armies
39%
Carolus Rex The Carolean's Prayer
39%
The Great War The End of the War to End All Wars
39%
Heroes Hearts of Iron
38%
The War to End All Wars Race to the Sea
38%
The Great War The Future of Warfare
38%
Coat of Arms Aces in Exile
36%
Primo Victoria Counterstrike
35%
The Great War Devil Dogs
35%
Primo Victoria Panzer Battalion
35%
Carolus Rex Ruina Imperii
35%
Single 1916
33%
The Great War 82nd All the Way
33%
Attero Dominatus In the Name of God
33%
Primo Victoria Purple Heart
33%
Primo Victoria (Re-Armed) Shotgun
33%
Single Steel Commanders
33%
The Art of War Firestorm
32%
The War to End All Wars Hellfighters
32%
The Art of War Sun Tzu Says
32%
Attero Dominatus Angels Calling
30%
The Last Stand Hill 3234
30%
The Great War In Flanders Fields
30%
Primo Victoria Into the Fire
30%
Attero Dominatus Metal Crue
30%
Coat of Arms Metal Ripper
30%
Primo Victoria Reign of Terror
30%
The Art of War Talvisota
30%
The War to End All Wars The Valley of Death
30%
The Last Stand Last Dying Breath
29%
Heroes Far from the Fame
27%
Carolus Rex (Bonus) In the Army Now
27%
Attero Dominatus Light in the Black
27%
Coat of Arms Saboteurs
27%
The Last Stand Blood of Bannockburn
26%
Carolus Rex (Bonus) Feuer Frei
26%
Metalizer Masters of the World
26%
Attero Dominatus We Burn
26%
Metalizer Burn Your Crosses
24%
The Art of War Union (Slopes of St. Benedict)
24%
Metalizer Hellrider
23%
Carolus Rex (Bonus) Twilight of the Thunder God
23%
The Art of War Unbreakable
23%
The Last Stand (Bonus) All Guns Blazing
21%
Heroes Man of War
21%
Metalizer Shadows
21%
Heroes For Whom the Bell Tolls
20%
The Art of War (Re-Armed) Glorious Land
20%
Attero Dominatus (Re-Armed) Nightchild
20%
The Last Stand Diary of an Unknown Soldier
18%
Metalizer Thundergods
18%
Metalizer Thunderstorm
18%
Carolus Rex Dominium Maris Baltici
17%
Metalizer Hail to the King
17%
Metalizer Speeder
17%
The Art of War The Nature of Warfare
17%
The Art of War A Secret
15%
Primo Victoria (Re-Armed) Dead Soldier's Waltz
15%
Metalizer The Hammer Has Fallen
15%
Primo Victoria (Re-Armed) The March to War
15%
Metalizer Endless Nights
14%
The Last Stand (Bonus) Afraid to Shoot Strangers
12%
Single Kingdom Come
12%
The Art of War (Re-Armed) Swedish National Anthem
12%
Primo Victoria (Re-Armed) The Beast
12%
Metalizer Birds of War
11%
Metalizer (Re-Armed) Dream Destroyer
11%
Metalizer Introduction
11%
Metalizer (Re-Armed) Jawbreaker
11%
Carolus Rex (Bonus) Harley from Hell
9%
Attero Dominatus (Re-Armed) Langa Bollar Pa Bengt
8%
Attero Dominatus (Re-Armed) Metal Medley
8%
Heroes En Hjaltes Vag
6%
Attero Dominatus (Re-Armed) Fur Immer
6%
Metalizer Guten Nacht
6%
The Last Stand (Bonus) Burn in Hell
5%
Heroes Out of Control
5%
The Last Stand Wind of Change
5%
No matching quizzes found
Score Distribution
Percent of People with Each Score
Percentile by Number Answered
Your Score History
You have not taken this quiz since the last reset